000 00560nam a2200193Ia 4500
005 20250508163242.0
008 008 250505s9999 xx 000 0 eng d
037 _aDissertations
040 _aFEDL
_beng
_cFEDL
041 _aeng
_2eng
084 _a370.954, SET/DI
_qFEDL
100 _aSethi Pavni
_9774739
245 0 _aDevelopment of education in the Punjab form 19854 to 1905
260 _c1985
300 _a175p.
546 _aM.Ed. Dissertation (Delhi University)
942 _cDIS
_h370.954, SET/DI
999 _c1381789
_d1381789